Statystyki dla TOP 10 piosenek - Quebonafide

Kliknij tutaj aby rozwiązać quiz!

Ogólne statystyki

  • Ten quiz został rozwiązany 365 razy
    (309 od ostatniego zresetowania)
  • Średni wynik to 6 z 10

Statystyki odpowiedzi

#viewsutwór% Poprawnych
1108 mlnHalf dead
85%
393 mlnCandy
79%
299 mlnTamagotchi
77%
477 mln8 Kobiet
63%
558 mlnKryptowaluty
60%
838 mlnZorza
55%
937 mlnBUBBLETEA
54%
655 mlnSorry Dolores
37%
1037 mlnC'est la vie
32%
740 mlnPapuga
32%

Rozkład punktacji

Percentyl według liczby udzielonych odpowiedzi

Procent ludzi z każdym wynikiem

Twoja historia wyników

Nie rozwiązałeś tego quizu od ostatniego zresetowania